000 00399nam a2200169Ia 4500
008 230524s9999 xx 000 0 und d
020 _a9781639579129
082 _bMOH
100 _aBimal Prasad Mohapatra
_945037
245 0 _aAnand Math
250 _a1
260 _bDonated
_c2020
300 _a"viii,232p;"
500 _aQuantity Number: 1
650 _amiscellaneous
_91877
942 _cBK
999 _c60634
_d60634